| 000 | 00554am a2200205a 44500 | ||
|---|---|---|---|
| 003 | AR-BaBNM | ||
| 005 | 20251128210650.0 | ||
| 008 | 010120s1997 #AR|||||||||||000 | spa|| | ||
| 020 | _a0-582-24741-X | ||
| 040 | _cAR-BaBNM | ||
| 245 | 1 | 0 |
_aLongman Essential Activator _bput your ideas into words |
| 260 |
_aEssex _bAdisson Wesley Longman _c1997 |
||
| 300 |
_a997 p. _bil. |
||
| 500 | _aIncluye tabla de pronunciación y gramática esencial | ||
| 650 | 4 | _aDICCIONARIOS | |
| 650 | 4 | _aINGLES | |
| 655 | _aREFERENCIA | ||
| 942 | _cBK | ||
| 998 | _claura | ||
| 999 |
_c16352 _d16352 |
||